Eurovision Song Contest 1961 - Participating Countries - Statistics

General Stats
  • This quiz has been taken 6 times
    0 since last reset
  • The average score is 0 of 16
Answers on the Map
Answers color-coded by a green-red scale on the quiz's map according to % correct below.
 
Answer Stats
Answer % Correct
960px-Flag_of_the_Netherlands.svg.png Netherlands
0%
960px-Flag_of_Spain_%281945%E2%80%931977%29.svg.png Spain
0%
960px-Flag_of_Austria.svg.png Austria
0%
960px-Flag_of_Yugoslavia_%281946-1992%29.svg.png Yugoslavia
0%
960px-Flag_of_Belgium.svg.png Belgium
0%
960px-Flag_of_Denmark.svg.png Denmark
0%
960px-Flag_of_the_United_Kingdom_%281-2%29.svg.png United Kingdom
0%
960px-Flag_of_Finland.svg.png Finland
0%
960px-Flag_of_Norway.svg.png Norway
0%
960px-Flag_of_Luxembourg.svg.png Luxembourg
0%
960px-Flag_of_Monaco.svg.png Monaco
0%
960px-Flag_of_Switzerland.svg.png Switzerland
0%
960px-Flag_of_Italy.svg.png?20111003040337 Italy
0%
960px-Flag_of_Sweden.svg.png?20240819095330 Sweden
0%
960px-Flag_of_Germany.svg.png?20111003033442 Germany
0%
960px-Flag_of_France.svg.png?20220120162234 France
0%
No matching quizzes found
Score Distribution
Percent of People with Each Score
Percentile by Number Answered
Your Score History
You have not taken this quiz since the last reset